|
|
|
|
| LEADER |
00000nab a2200000 a 4500 |
| 001 |
vtls001021278 |
| 003 |
SK-MaSNL |
| 005 |
20260303042416.0 |
| 008 |
170922e20040310xo 0 slo |
| 035 |
|
|
|a SN7171
|
| 040 |
|
|
|a SNSK
|b slo
|c SNSK
|e AACR2
|
| 041 |
0 |
|
|a slo
|
| 044 |
|
|
|a xo
|c SK
|
| 080 |
|
|
|a 352.075.1
|2 1981
|
| 100 |
0 |
|
|a (kar)
|4 aut
|9 921436
|
| 245 |
1 |
0 |
|a Obyvatelia Hnileckej doliny nájdu na obecných úradoch stratégiu rozvoja regiónu
|
| 650 |
0 |
7 |
|a stratégie rozvoja
|2 SNSK
|9 830704
|
| 650 |
0 |
7 |
|a periodiká
|2 SNKPH
|9 1414
|
| 651 |
|
7 |
|a Hnilecká dolina (Slovensko)
|2 SNSK
|9 73618
|
| 651 |
|
7 |
|a Gelnica (Slovensko : okres)
|2 SNSK
|9 168677
|
| 773 |
0 |
8 |
|t Spišský denník
|g Roč. 6, č.58, 10.3.2004, s. 1
|x 1335-759X
|
| 852 |
|
|
|a ZVYKNI
|b KIS3GCP
|
| 999 |
|
|
|c 1692002
|d 1693932
|